<The> Oxford handbook of public management
Enregistré dans:
| Autres auteurs: | , , |
|---|---|
| Format: | Livre |
| Langue: | anglais |
| Publié: |
New York
Oxford University Press
2007
|
| Sujets: | |
| Tags: |
Pas de tags, Soyez le premier à ajouter un tag!
|
MARC
| LEADER | 00000nam a2200000 4500 | ||
|---|---|---|---|
| 001 | 0121215 | ||
| 005 | 20221207101230.1 | ||
| 020 | |a 978-0-19-922644-3 | ||
| 041 | 0 | |a eng | |
| 044 | |a US | ||
| 245 | 1 | 0 | |a <The> Oxford handbook of public management |c edited by Ewan Ferlie, Laurence E. Lynn, Christopher Pollitt |
| 264 | 1 | |a New York |b Oxford University Press |c 2007 | |
| 300 | |a xiii, 789 s. | ||
| 610 | 2 | 0 | |a manažment |
| 610 | 2 | 0 | |a riadenie |
| 610 | 2 | 0 | |a politika verejná |
| 610 | 2 | 0 | |a sektor verejný |
| 610 | 2 | 0 | |a správa verejná |
| 610 | 2 | 0 | |a správa verejná elektronická |
| 610 | 2 | 0 | |a správa štátna |
| 610 | 2 | 0 | |a služba verejná |
| 610 | 2 | 0 | |a služba štátna |
| 610 | 2 | 0 | |a riadenie ľudských zdrojov |
| 700 | 1 | |a Ferlie, Ewan | |
| 700 | 1 | |a Lynn, Laurence E. | |
| 700 | 1 | |a Pollitt, Christopher | |